Statistics for Ronan (TV) - Taylor Swift (All Lyrics)

Click here to take the quiz!

General Stats

  • This quiz has been taken 9 times
  • The average score is 191 of 305

Answer Stats

Lyrics% Correct
I
100%
a
88%
the
88%
you
88%
you?
88%
You
88%
away
75%
baby,
75%
be
75%
best
75%
Come
75%
"Come
75%
from
75%
gonna
75%
here
75%
me
75%
me,
75%
my
75%
on
75%
on,
75%
remember
75%
Remember
75%
we
75%
We're
75%
were
75%
with
75%
your
75%
an
63%
And
63%
and
63%
bare
63%
can
63%
down
63%
drive
63%
feel
63%
feet
63%
fly
63%
four
63%
hallway
63%
if
63%
in
63%
it
63%
it's
63%
Like
63%
like
63%
little
63%
love
63%
man
63%
still
63%
this
63%
to
63%
up
63%
way,
63%
who
63%
years"
63%
years
63%
About
50%
about
50%
anything
50%
army
50%
back
50%
blue
50%
boy
50%
could
50%
ear
50%
eyes
50%
floor,
50%
guy
50%
had
50%
hand
50%
hand,
50%
hard
50%
hold
50%
home
50%
hospital
50%
I'm
50%
into
50%
into?
50%
just
50%
kitchen
50%
knew
50%
laugh
50%
lookin'
50%
mine
50%
moon
50%
of
50%
one
50%
our
50%
Out
50%
own
50%
room
50%
some
50%
Then
50%
wanted
50%
was
50%
What
50%
what
50%
when
50%
whispered
50%
won't
50%
worst
50%
beautiful
38%
before
38%
club
38%
dancin'
38%
day
38%
died
38%
dinosaurs
38%
disappear
38%
even
38%
face
38%
Flowers
38%
fought
38%
gray
38%
Halloween,
38%
hope
38%
kissed
38%
knows
38%
last
38%
leaned
38%
moment
38%
no
38%
pile
38%
plastic
38%
really
38%
say
38%
secret
38%
see
38%
talk
38%
thought
38%
through?
38%
trying
38%
us
38%
waking
38%
We'll
38%
"Why?"
38%
would
38%
bedtime
25%
blind
25%
cars
25%
closet
25%
cryin'
25%
curtained
25%
grow
25%
jumpin'
25%
kept
25%
miracle
25%
Race
25%
screamin',
25%
standin'
25%
Turned
25%
downs
13%
gettin'
13%

Score Distribution

Percentile by Number Answered

Percent of People with Each Score

Your Score History

You have not taken this quiz